|
|
|
|
| LEADER |
00000nam0a2200000 4500 |
| 001 |
365906 |
| 005 |
20231102011829.0 |
| 035 |
|
|
|a (RuTPU)RU\TPU\retro\23269
|
| 090 |
|
|
|a 365906
|
| 100 |
|
|
|a 20220125d1979 km y0rusy50 ca
|
| 101 |
0 |
|
|a rus
|
| 102 |
|
|
|a RU
|
| 105 |
|
|
|a a z 000zb
|
| 200 |
1 |
|
|a VI международный
|f Ф. С. Фахми
|
| 210 |
|
|
|a Москва
|c Молодая гвардия
|d 1979
|
| 215 |
|
|
|a 54 с.
|c ил.
|
| 600 |
|
1 |
|a Чайковский
|g Петр Ильич
|b П. И.
|c русский композитор
|f 1840-1893
|2 stltpush
|3 (RuTPU)RU\TPU\pers\1137
|
| 606 |
1 |
|
|a Музыка
|x Теория
|2 stltpush
|3 (RuTPU)RU\TPU\subj\44569
|9 63880
|
| 610 |
1 |
|
|a музыкальная культура
|
| 610 |
1 |
|
|a музыкальное творчество
|
| 610 |
1 |
|
|a музыкальные деятели
|
| 610 |
1 |
|
|a конкурсы
|
| 610 |
1 |
|
|a музыкознание
|
| 610 |
1 |
|
|a Москва
|
| 610 |
1 |
|
|a молодые исполнители
|
| 675 |
|
|
|a 781
|v 4
|
| 700 |
|
1 |
|a Фахми
|b Ф. С.
|g Фарида Саидовна
|
| 801 |
|
1 |
|a RU
|b 63413507
|c 20220125
|
| 942 |
|
|
|c BK
|